| 000 | 00616nam a2200229 a 4500 | ||
|---|---|---|---|
| 001 | 20079 | ||
| 003 | CO-ViMGA | ||
| 008 | 141112s2004 ck r 000 u spa d | ||
| 020 | _a9588061563 | ||
| 040 |
_aCO-ViMGA _bspa _cCO-ViMGA |
||
| 082 | 0 | 4 | _aCAMe |
| 100 | 1 |
_aCameron, Ann _92804 |
|
| 245 | 1 | 0 | _aEl lugar mas bonito del mundo |
| 260 |
_aBogotá : _bAlfaguara, _c2002 |
||
| 300 | _a69 | ||
| 490 | 0 | _aAlfaguara Infantil | |
| 500 | _adesde 8 años. | ||
| 590 | _aForma de adquisición : Premio Mincultura | ||
| 650 | 1 | 4 |
_aCUENTOS DE LA VIDA REAL _92805 |
| 650 | 1 | 4 |
_aCUENTOS INFANTILES _92743 |
| 942 |
_2ddc _cBK |
||
| 999 |
_c9757 _d9757 |
||